| 000 | 01179cam a2200361 i 4500 | ||
|---|---|---|---|
| 999 |
_c200451927 _d70139 |
||
| 001 | 200451927 | ||
| 003 | TR-AnTOB | ||
| 005 | 20230530001120.0 | ||
| 007 | ta | ||
| 008 | 991116s1997 tu d 000 0 tur d | ||
| 035 | _a(OCoLC)850866010 | ||
| 035 | _a(TR-AnTOB)200451927 | ||
| 040 |
_aUA@ _beng _erda _cUA@ _dSULEY _dTR-AnTOB |
||
| 041 | 0 | _atur | |
| 050 | 1 | 4 |
_aHC462 _b.J37 1997 |
| 090 |
_aHC462 _b.J37 1997 |
||
| 245 | 0 | 0 |
_aJaponya piyasası / _cderleyen Şaban Oruç. |
| 264 | 1 |
_aİstanbul : _bİstanbul Ticaret Odası, _c1997. |
|
| 300 |
_a86 pages : _btables ; _c24 cm |
||
| 336 |
_atext _btxt _2rdacontent |
||
| 337 |
_aunmediated _bn _2rdamedia |
||
| 338 |
_avolume _bnc _2rdacarrier |
||
| 490 | 0 |
_aİstanbul Ticaret Odası ; _vYayın No: 1997-64 |
|
| 650 | 7 |
_aTüketici davranışı _zJaponya _2etuturkob _915123 |
|
| 650 | 7 |
_aPazar araştırmaları _zJaponya _2etuturkob _9134188 |
|
| 651 | 7 |
_aJaponya _xEkonomik durum _2etuturkob _916762 |
|
| 651 | 0 |
_aJaponya _xEkonomi politikası _933864 |
|
| 700 | 1 |
_aOruç, Şaban _ecompiler _9140664 |
|
| 710 | 2 |
_aİstanbul Ticaret Odası _919571 |
|
| 942 |
_2lcc _cBK |
||